Normal view
MARC view
- Cabot, Meg
Entry Personal Name
001 - CONTROL NUMBER
- control field: 11945
003 - CONTROL NUMBER IDENTIFIER
- control field: NUST
005 - DATE AND TIME OF LATEST TRANSACTION
- control field: 20180723070911.0
008 - FIXED-LENGTH DATA ELEMENTS
- fixed length control field: 180723|| aca||aabn | a|a d
040 ## - CATALOGING SOURCE
- Original cataloging agency: NUST
- Transcribing agency: NUST
100 ## - HEADING--PERSONAL NAME
- Personal name: Cabot, Meg
- Dates associated with a name: 1936-
670 ## - SOURCE DATA FOUND
- Source citation: Work cat.: (NUST)173302: Cabot, Meg 1936-, The guy next door :, 2002.
